Normal view
MARC view
Entry Corporate Name
001 - CONTROL NUMBER
- control field: 326303
003 - CONTROL NUMBER IDENTIFIER
- control field: OSt
005 - DATE AND TIME OF LATEST TRANSACTION
- control field: 20220926021513.0
008 - FIXED-LENGTH DATA ELEMENTS
- fixed length control field: 220926|| aca||aabn | a|a d
040 ## - CATALOGING SOURCE
- Original cataloging agency: OSt
- Transcribing agency: OSt
110 ## - HEADING--CORPORATE NAME
- Corporate name or jurisdiction name as entry element: United Nations Industrial Development Organizaiton
670 ## - SOURCE DATA FOUND
- Source citation: Work cat.: (OSt)636957: United Nations Industrial Development Organizaiton, Informaiton sources on the meat processing industr, 1976
